|
|
|
|
| LEADER |
00000nab a2200000 a 4500 |
| 001 |
vtls000899356 |
| 003 |
SK-MaSNL |
| 005 |
20260303194355.0 |
| 008 |
040720e19981215xo 0 slo |
| 035 |
|
|
|a KE8362
|
| 040 |
|
|
|a KEVKJB
|b slo
|c KEVKJB
|e AACR2
|
| 041 |
0 |
|
|a slo
|
| 044 |
|
|
|a xo
|c SK
|
| 080 |
|
|
|a 792
|2 1981
|
| 080 |
|
|
|a 929
|2 1981
|
| 100 |
1 |
|
|a Gerba, Karol
|4 aut
|9 885219
|
| 245 |
1 |
0 |
|a Od Sex Pistols kopere
|b Nádejní operní sólisti DJB Martin Gurbal a Michal Lehotský
|
| 590 |
|
|
|a Gurbaľ, Martin
|b študent, operný spevák
|
| 590 |
|
|
|a Lehotský, Michal
|b operný spevák
|
| 600 |
1 |
7 |
|a Gurbaľ, Martin
|2 KEVKJB
|9 886588
|
| 600 |
1 |
7 |
|a Lehotský, Michal,
|d 1973-
|2 KEVKJB
|9 145385
|
| 610 |
2 |
7 |
|a Divadlo Janka Borodáča
|2 KEVKJB
|9 232364
|
| 610 |
2 |
7 |
|a Východoslovenské štátne divadlo v Košiciach
|2 KEVKJB
|9 232428
|
| 650 |
0 |
7 |
|a opera
|2 KEVKJB
|9 3212
|
| 650 |
0 |
7 |
|a profily umelecké
|2 KEVKJB
|9 887390
|
| 651 |
|
7 |
|a Košice (Slovensko)
|2 KEVKJB
|9 18694
|
| 651 |
|
7 |
|a KE,
|2 KEVKJB
|9 877256
|
| 655 |
|
7 |
|a periodikum
|2 snkbucl
|9 29553
|
| 710 |
2 |
|
|a Divadlo Janka Borodáča
|4 aut
|9 232364
|
| 773 |
0 |
8 |
|t Košický večer
|g Roč. 9
|g Roč. 30, č.241, 15.12.1998, s. 4
|
| 852 |
|
|
|a ZVYKNI
|b KIS3GCP
|
| 999 |
|
|
|c 2157178
|d 2159108
|